Statistiques concernant Quiz Anime spéciale personnages au cheveux vert

Cliquez ici pour prendre le quiz!

Statistiques générales

  • Ce quiz a été pris 91 fois
  • Le résultat moyen est 8 sur 16

Statistiques - réponses

Réponse% Correct
Zoro
99%
Gon
95%
Deku
85%
Zetsu
68%
Broly
63%
Tsuyu Asui
63%
Maki Zenin
58%
Shintaro Midorima
43%
Monet
40%
Yonji
34%
Tatsumaki
33%
Beelzebub
24%
C.C
24%
Sasaki
21%
Nelliel
16%
Fried Justin
6%

Distribution des résultats

Percentile par nombre de réponses

% des personnes avec chaque résultat

Votre développement - résultats

Vous n’avez pas pris ce quiz